000 00620nam a2200193Ia 4500
003 LK-CoDNM
005 20240311142235.0
008 010623t1936 xxu||||| |||| 00| 1 sin d
040 _aLK-CoDNM
_dLK-CoDNM
_eLK-CoDNM
041 _asin
080 _a104 BB8
100 _aSirisena,Piyadasa
245 _aමහේෂ්වරී හෙවත් වික්‍ර‍ම පාලගේ පස්වෙනි වික්‍ර‍මය
246 _aMaheshwari or The Fifth adverture of wickramapala
260 _bPrakkrama press
_aColobmo
_c1936
300 _bDamaged
_a184p.,21 cm
650 _aNovel
942 _cBK
999 _c98263
_d98263